00406nam a2200145Ia 4500100003000000942000700030654000900037245001800046260003700064082001600101300000800117546001200125999001700137952010600154 aShukla/M.C./ Grewal/T.S.  cBK acost aCost Accounts bS.Chand and Co.aNew Delhic1982 a657.42bSHU a513 aENGLISH c33745d33745 001040708CRCaCRCEbCRCEd2023-03-17g25.00l0o657.42 SHUp116r2023-03-17v25.00w2023-03-17yBK